Aims of education in India / (Record no. 127481)

MARC details
000 -LEADER
fixed length control field 00738nam a22002297a 4500
005 - DATE AND TIME OF LATEST TRANSACTION
control field 20170124110026.0
010 ## - LIBRARY OF CONGRESS CONTROL NUMBER
LC control number A-423209
020 ## - INTERNATIONAL STANDARD BOOK NUMBER
Terms of availability 00.00
International Standard Book Number 8120202821
035 ## - SYSTEM CONTROL NUMBER
System control number A-423209
037 ## - SOURCE OF ACQUISITION
Source of stock number/acquisition Cen Lib/Ret
040 ## - CATALOGING SOURCE
Original cataloging agency DPL
Language of cataloging EN
082 ## - DEWEY DECIMAL CLASSIFICATION NUMBER
Classification number 370.954
Item number BHA
100 ## - MAIN ENTRY--PERSONAL NAME
Personal name Bhanu Pratap Singh
9 (RLIN) 20616
245 ## - TITLE STATEMENT
Title Aims of education in India /
Statement of responsibility, etc by Bhanu Pratap Singh
260 ## - PUBLICATION, DISTRIBUTION, ETC. (IMPRINT)
Place of publication, distribution, etc Delhi
Name of publisher, distributor, etc Ajanta Publications
Date of publication, distribution, etc 1990
270 ## - ADDRESS
City Delhi
Address I-UB Jawahar Nagar
Postal code 110007
300 ## - PHYSICAL DESCRIPTION
Extent xiii,242p.
Dimensions 21cm(Hb)
500 ## - GENERAL NOTE
General note Includes bibliographical references and index<br/>
650 ## - SUBJECT ADDED ENTRY--TOPICAL TERM
Topical term or geographic name as entry element Education -- India -- History
9 (RLIN) 20617
650 ## - SUBJECT ADDED ENTRY--TOPICAL TERM
Topical term or geographic name as entry element Education -- Aims and objectives -- India
9 (RLIN) 20618
942 ## - ADDED ENTRY ELEMENTS (KOHA)
Source of classification or shelving scheme Dewey Decimal Classification
Koha item type English Books
Classification part 370.954
Call number suffix BHA
Holdings
Withdrawn status Lost status Damaged status Not for loan Home library Current library Date acquired Source of acquisition Cost, normal purchase price Total Checkouts Full call number Barcode Date last seen Copy number Cost, replacement price Price effective from Koha item type
        Central Library Central Library 29/06/2015 Cen Lib/Ret 0.00   370.954 BHA A-423209 29/06/2015 1 0.00 29/06/2015 English Books

© Delhi Public Library
Hit Counter
free hit counter